Hacer reforma. (Registro nro. 2335)
[ vista simple ]
| 000 -LEADER | |
|---|---|
| fixed length control field | 01068nam a2200301 a 4500 |
| 005 - FECHA ULTIMA MODIFICACION | |
| control field | 20240327124106.0 |
| 008 - CAMPO DE CONTROL (LIBRO) | |
| fixed length control field | 100708e1997||||sp f |||| 00| 0 spa d |
| 020 ## - INTERNATIONAL STANDARD BOOK NUMBER | |
| ISBN | 8420764035 |
| 041 ## - CODIGO DE IDIOMA | |
| Código de idioma del texto/pista de sonido o título separado | spa |
| 092 ## - SIGNATURA TOPOGRAFICA DEWEY LOCAL | |
| número de clasificación | 170 |
| libristica | 13 |
| sección | COR |
| 100 1# - ENTRADA PRINCIPAL--NOMBRE PERSONAL | |
| Nombre personal | Cortina, Adela |
| 9 (RLIN) | 1042 |
| 245 ## - TITULO PROPIAMENTE DICHO | |
| Título | Hacer reforma. |
| Subtítulo y Título paralelo | La ética de la sociedad civil / |
| Mención de responsabilidad y remanente de la transcripción de la portada | Adela Cortina |
| 250 ## - MENCION DE EDICION | |
| Mención de edición | 3a ed. |
| 260 ## - PIE DE IMPRENTA | |
| Lugar de publicación, distribución, etc | Madrid: |
| Nombre de la editorial, distribuidor, etc | Grupo Anaya; |
| Fecha de publicación | 1997. |
| 300 ## - DESCRIPCION FISICA | |
| Extension | 150 p. |
| 500 ## - NOTA GENERAL | |
| Nota general | Cortina, A. (1997). Hacer reforma. La ética de la sociedad civil. (3a ed.). Madrid : Grupo Anaya. |
| 590 ## - NOTAS LOCALES (RLIN) | |
| Nota local | Donación Dora Vera, febrero 2017. |
| 653 #1 - TÉRMINO INDIZADO - PALABRAS CLAVES | |
| Palabra clave | ¿Vale la pena educar moralmente? |
| 653 ## - TÉRMINO INDIZADO - PALABRAS CLAVES | |
| Palabra clave | Del vasallaje a la ciudadanía moral |
| 653 #3 - TÉRMINO INDIZADO - PALABRAS CLAVES | |
| Palabra clave | La fórmula mágica del pluralismo moral |
| 653 #3 - TÉRMINO INDIZADO - PALABRAS CLAVES | |
| Palabra clave | La moral civíca la harán las personas, o no se hará |
| 653 ## - TÉRMINO INDIZADO - PALABRAS CLAVES | |
| Palabra clave | Tomarse en serio la construcción de un mundo humano |
| 653 ## - TÉRMINO INDIZADO - PALABRAS CLAVES | |
| Palabra clave | Voluntad del entendimiento |
| 653 ## - TÉRMINO INDIZADO - PALABRAS CLAVES | |
| Palabra clave | Educar en una moral cívica |
| 653 ## - TÉRMINO INDIZADO - PALABRAS CLAVES | |
| Palabra clave | Moral cívica y moral creyente |
| 930 ## - NUMERO DE INVENTARIO | |
| Número de inventario | 3789 |
| 942 ## - ADDED ENTRY ELEMENTS (KOHA) | |
| Source of classification or shelving scheme | Dewey Decimal Classification |
| Item type | Libros |
| Estado de retiro | Existencia | Fuente de clasificación | Estado general | No para prestamo | Ubicación permanente | ubicación actual | Sala de ubicación | Fecha de adquisición | Fuente de adquisición | Total Checkouts | Número de clasificación | Código de barras | Date last seen | Número de ejemplar | Price effective from | Koha tipo de elemento (item) | Public note |
|---|---|---|---|---|---|---|---|---|---|---|---|---|---|---|---|---|---|
| Dewey Decimal Classification | Biblioteca Medicina | Biblioteca Medicina | Circulación | 23/02/2017 | Donación Dora Vera, febrero 2017. | 170 13 COR | 3789 | 23/02/2017 | Ej. 1 | 23/02/2017 | Libros | Donación Dora Vera, febrero 2017. |